[Event "Amsterdam Euwe Memorial"]
[Site "Amsterdam"]
[Date "1996.03.27"]
[Round "5"]
[White "Topalov, Veselin"]
[Black "Timman, Jan H"]
[Result "1-0"]
[WhiteElo "2700"]
[BlackElo "2620"]
[Annotator "Hansen,Cu"]
[PlyCount "63"]
[EventDate "1996.03.22"]
[EventType "tourn"]
[EventRounds "9"]
[EventCountry "NED"]
[EventCategory "18"]
[SourceTitle "CBM 052"]
[Source "ChessBase"]
[SourceDate "1996.06.01"]
[SourceVersion "1"]
[SourceVersionDate "1996.06.01"]
[SourceQuality "1"]

1. e4 {Knaak Kortschnoj Ftacnik Blatny,P} c6 2. d4 d5 3. e5 Bf5 4. Nf3 e6 5.
Be2 Nd7 6. O-O h6 {[%cal Yf5h7] If white plays Nf3-h4 black now has the
possibility Bf5-h7} (6... Ne7 {Kortschnoj} 7. Nh4 $5) (6... c5 {Kortschnoj}) 7.
b3 {[%csl Gc4] After 8.c4 dxc4 white wants to be able to take back with the
b-pawn.} (7. Nbd2 {Blatny,P} Ne7 8. Re1 Ng6 9. Nf1 Nh4 10. N3d2 Bh7 11. c3 Be7
12. Ng3 O-O 13. Ndf1 Kh8 14. Nh5 {Renet,O-Grotnes,N/Gausdal Troll/1992/}) (7.
c3 {Blatny,P} Qc7 8. a4 g5 9. Na3 f6 10. Bd3 Bxd3 11. Qxd3 O-O-O 12. exf6 Ngxf6
13. Re1 {Anand,V-Timman,J/Paris Immopar/1991}) (7. c3 {Kortschnoj}) (7. Be3 $5
{Kortschnoj}) 7... Ne7 8. c4 (8. Ba3 {Blatny,P} g5 9. c3 Ng6 10. Bxf8 Rxf8 11.
Bd3 Bxd3 12. Qxd3 g4 13. Ne1 Qg5 {Benjamin,J-Hort,V/Manila ol/1992}) 8... Ng6 (
8... g5 $5 {Blatny,P} 9. Nc3 Bh7 10. Ne1 Ng6 $13 {Shirov-Brunner/Biel/1995/} (
10... Ng6 {Ftacnik} 11. Nd3 $6 (11. cxd5 cxd5 12. Nd3 Rc8 13. Bb2 f5 $13) 11...
dxc4 12. bxc4 c5 $1 $17 {1-0 Shirov,A-Brunner,L/Biel/1995 (45)})) (8... Nc8 9.
Nc3 Be7 10. Be3 a6 11. c5 {Tseitlin-Luce/Paris op/1995/} (11. c5 {Ftacnik} a5
12. a3 b5 13. Ne1 O-O 14. f4 f6 15. g4 Bh7 16. Nf3 fxe5 17. fxe5 Rf7 18. Qd2
Nf8 19. Rf2 Be4 20. Raf1 Bxf3 21. Rxf3 Rxf3 22. Rxf3 Bg5 23. Bd3 Bxe3+ 24. Qxe3
Ne7 {1-0 Tseitlin,MD-Luce,S/Paris op/1995/ (48)})) 9. Na3 {[%cal Ya3c2,Yc2e3,
Ye3f5] In the lines where blacks doesn't play 6. - h6 white irritates Bf5 with
Nf3-h4. Now the idea is to irritate Bf5 by Na3-c2-e3.} (9. h3 {Blatny,P} dxc4 (
9... h5 {Ftacnik} 10. Be3 Be7 11. a3 dxc4 12. bxc4 c5 13. Nc3 O-O 14. d5 Ndxe5
15. Nxe5 Nxe5 16. f4 Nd7 17. Bxh5 Nb6 18. Qf3 Nxc4 19. Rad1 Nxe3 20. Qxe3 Bf6
21. Bxf7+ Rxf7 22. dxe6 Bd4 23. exf7+ Kxf7 24. Rxd4 Qxd4 25. Qxd4 cxd4 {
1/2-1/2 Tkachiev,V-Adams,Mi/Wijk/1995/ (29)}) 10. bxc4 c5 11. Nc3 cxd4 12. Nxd4
Ngxe5 13. Nxf5 exf5 14. Nb5 $40 {Kaminski-Sapis/Poland/1995/} (14. Nb5 Bc5 15.
Nd6+ Bxd6 16. Qxd6 Qe7 17. Qxe7+ Kxe7 18. Ba3+ Kd8 19. Rad1 {1-0 Kaminski,
M-Sapis,W/POL-chT Lubniewice (06)/1995/ (56)})) (9. Be3 {Ftacnik} Bb4 10. a3
Be7 11. Nc3 Nh4 12. Nxh4 Bxh4 13. g4 Bh7 14. f4 f6 15. f5 exf5 16. e6 Nb6 17.
gxf5 Bg5 18. Qd3 O-O 19. Bf2 Bf4 20. Bg3 Bxg3 21. hxg3 {1-0 Savon,V-Guliev,S/
Orel/1992/ (35)}) 9... Nf4 (9... Be7 {Kortschnoj} 10. Ne1 $1 $16 (10. Nc2 O-O
11. Ne3 $14)) 10. Bxf4 Bxa3 {[%cal Ra3b2]} 11. Bd3 Bg4 (11... Bxd3 12. Qxd3 Qe7
(12... Be7 $14 {Kortschnoj}) 13. c5 Bb4 14. a3 Ba5 15. b4 Bd8 16. b5 Nb8 17.
Rab1 O-O 18. Rb3 $16 {() Xie Jun-Hort,V/Prague/1995}) 12. Rb1 {[%csl Ra3][%cal
Yb3b4,Yb1b3] /\b3-b4, Tb1-b3 ץa3} Be7 (12... c5 {Blatny,P} 13. h3 Bxf3 14.
Qxf3 $14 (14. Qxf3 cxd4 15. cxd5 $16)) 13. h3 Bh5 (13... Bxf3 {Ftacnik} 14.
Qxf3 Qa5 $14) 14. Qe2 {()} (14. g4 {Blatny,P} Bg6 15. Bxg6 fxg6 {<->f}) 14...
O-O 15. Qe3 a5 $4 {Blacks has fallen asleep. Maybe he only thougt of Qe2-e3 as
a way to get out of the pin h5-e2.} (15... Bxf3 {Blatny,P} 16. Qxf3 Bg5 17. Bh2
{/\f4->}) (15... Bg6 $142 $1 $14 {Kortschnoj}) 16. cxd5 cxd5 (16... exd5 {
Blatny,P} 17. Bxh6 Bxf3 18. Qxf3 gxh6 19. Qf5 $18) 17. Bxh6 $16 Bxf3 (17...
gxh6 18. Qxh6 Bg6 19. Bxg6 fxg6 20. Qxg6+ Kh8 21. Qh6+ Kg8 22. Qxe6+ $18 {
[%cal Ye6d5] White will have five Ps for the piece. Not bad.}) 18. gxf3 (18.
Bxg7 {Blatny,P} Kxg7 19. Qxf3 Rg8 $13 (19... Rh8 $15 {Ftacnik})) 18... Bh4 {
Blacks only hope is whites bad pawn strukture. If he could set up a blokade
with full control over f5 he would be okay. However there is no reason why
white should withdraw his forces} (18... gxh6 19. Qxh6 f5 20. Kh1 $18 (20.
Qxe6+ Kg7 21. Kh1 $18)) (18... f5 $142 $1 {Knaak: ist nicht ohne weiteres zu
widerlegen, z.B.} 19. exf6 (19. Bf4 $6 g5) 19... Rxf6 20. Bg5 Rf7 {Es folgt
dann noch Nf8, und im Gegensatz zur Partie, in der Schwarz chancenlos war,
könnte die ruinierte weiße Bauernstellung eine Rolle spielen.}) 19. Kh1 {
[%cal Yf1g1,Yg1g8] /\Rg1} f5 $8 20. Rg1 (20. exf6 $16 {Kortschnoj}) 20... Rf7
21. Bxg7 $1 (21. Rg6 {Blatny,P} Kh8 22. Bg5 Bxg5 23. Rxg5 f4 24. Rh5+ $16)
21... Rxg7 22. Qh6 {The queen is hitting too many targets: Rg7, Bh4 and Pe6.}
Bg5 (22... Qe7 {Blatny,P} 23. Rxg7+ Qxg7 24. Rg1 $18) 23. Qxe6+ Kh8 (23... Kf8
{Blatny,P} 24. Qxf5+ Kg8 25. f4 $18) 24. Qxf5 {The opposite colour bishops
favour the attacker and the knight is no match for 4 white pawns.} (24. f4 $1 {
I like this move better than the game.}) 24... Qe7 25. Qg4 {[%cal Yg4h5,Yf3f4]
/\Dh5+, f3-f4} Nxe5 (25... Kg8 {Blatny,P} 26. f4 Bh6 27. Qh5 Rxg1+ 28. Rxg1+
Bg7 29. Bh7+ Kf8 30. Qf5+ Ke8 (30... Qf7 {Ftacnik} 31. Qxf7+ Kxf7 32. e6+) 31.
Qg6+ Kf8 32. Rg5 $18) (25... Qe8 {Ftacnik} 26. f4 Bh6 27. Qh4 Rh7 28. Bxh7 Kxh7
29. f5 $18) (25... Rf8 {Kortschnoj} 26. Qh5+ Kg8 27. h4 Bxh4 28. Rxg7+ $18) 26.
dxe5 Qxe5 27. Rbe1 Qf4 (27... Qf6 {Ftacnik} 28. Qh5+ Kg8 29. f4 (29. Re8+ Rxe8
30. Qxe8+ Qf8 31. Bh7+ Rxh7 32. Rxg5+ Rg7 33. Rxg7+ Kxg7 34. Qxf8+ Kxf8 35. Kg2
$18) 29... Qxf4 (29... Bh6 30. Re8+ Rxe8 31. Qxe8+ Qf8 32. Qe6+ Qf7 33. Qxh6
$18) 30. Rxg5 Rxg5 31. Qh7+ Kf8 32. Qh6+ Kf7 33. Bg6+) 28. Qh5+ Kg8 (28... Bh6
{Blatny,P} 29. Re8+ $18) 29. Rxg5 $1 Rxg5 (29... Qxg5 {Ftacnik} 30. Re8+) 30.
Qh7+ Kf8 31. Qh6+ Kf7 (31... Kg8 32. Bh7+ Kh8 33. Bg6+ (33. Bf5+ {Kortschnoj}
Kg8 34. Be6+ $18) 33... Kg8 34. Qh7+ Kf8 35. Qh8#) 32. Bg6+ {Timman handed the
point to Topalov on a plate.} (32. Bg6+ {Ftacnik} Kf6 33. Be8+ Kf5 34. Bd7#)
1-0

[Event "Amsterdam Euwe Memorial"]
[Site "Amsterdam"]
[Date "1996.03.31"]
[Round "8"]
[White "Gelfand, Boris"]
[Black "Topalov, Veselin"]
[Result "0-1"]
[WhiteElo "2700"]
[BlackElo "2700"]
[Annotator "Lutz,C"]
[PlyCount "118"]
[EventDate "1996.03.22"]
[EventType "tourn"]
[EventRounds "9"]
[EventCountry "NED"]
[EventCategory "18"]
[SourceTitle "CBM 052"]
[Source "ChessBase"]
[SourceDate "1996.06.01"]
[SourceVersion "1"]
[SourceVersionDate "1996.06.01"]
[SourceQuality "1"]

1. d4 {Gelfand Hecht} Nf6 2. Nf3 g6 3. c4 Bg7 4. Nc3 O-O 5. e4 d6 6. Be2 e5 7.
O-O Nc6 8. d5 Ne7 9. Ne1 Nd7 10. Nd3 f5 11. Bd2 Kh8 12. Rc1 Nf6 13. f3 c6 14.
Be3 a6 $1 {Ein sehr feiner Zug, der die Spannung aufrecht hält. Weiß muß ein
Tempo für das eher nutzlose b4 aufwenden.} (14... f4 {Schwarz legt es auf den
typischen Wettlauf zwischen Königsflügel - und Damenflügelangriff an.} 15. Bf2
c5 (15... g5 16. b4 Ng6 17. Nb2 cxd5 18. cxd5 Rg8 19. Kh1 Bf8 20. Nb5 g4 21.
fxg4 Nxe4 22. Nc7 Nxf2+ 23. Rxf2 Rb8 24. Ne6 Bxe6 25. dxe6 d5 $13 {Ragozin,
E-Ehlvest,J/Linares op (05) ;TD 94\02 1994}) 16. b4 cxb4 17. Nxb4 b6 18. a4 g5
19. a5 Rg8 20. Ra1 bxa5 21. Nc6 Qd7 22. c5 $16 {Ehlvest,J-Van Wely,L/New York
op (08) ;EXP 40 1994}) (14... cxd5 {Auch hier gibt Schwarz die Spannung zu
früh auf.} 15. cxd5 Neg8 16. Nf2 Bh6 17. Bxh6 Nxh6 18. Nb5 Nh5 19. Nc7 Rb8 20.
Qc2 Nf4 21. g3 Nxe2+ 22. Qxe2 f4 $13 {Nikitin,Y-Zaitsev,I/URS-ch36 Alma Ata 
(09) ;URS-ch 1968}) 15. b4 cxd5 16. cxd5 Bd7 17. Nb2 (17. a4 $5 {[%csl Gb6]
[%cal Ya4a5]}) 17... b5 18. a4 bxa4 19. Nbxa4 Rb8 20. Rb1 fxe4 21. fxe4 Neg8 $1
{[%cal Rg8h6,Yg7h6,Yh6e3] Schwarz koordiniert seine Figuren. Die Idee ist
Abtausch des schlechten Läufers mittels ...Bh6.} 22. Qd3 (22. Bxa6 $5 Ng4 (
22... Bxa4 23. Nxa4 Nxe4 24. b5) 23. Qd2 (23. Bd2 Qh4) 23... Nxe3 24. Qxe3 Bh6
{gibt Schwarz sicherlich Kompensation für den Bauern.}) 22... Bh6 23. Kh1 Bxe3
24. Qxe3 Ng4 25. Rxf8 Qxf8 26. Bxg4 Bxg4 $10 {Schwarz hat keine Problem mehr,
aber Weiß sollte eigentlich auch keine haben. Irgendetwas ist in den nachsten
Zügen schiefgelaufen.} 27. h3 Bd7 28. Nb6 (28. Qa7 $142 {Gelfand}) 28... Qd8
29. Nxd7 Qxd7 30. Qd3 Qa7 31. b5 axb5 32. Rxb5 Rxb5 33. Nxb5 {[%csl Re4] Hecht:
DS-DS: weiße Bauernschwäche e4, später Bauern- und Felderschwächen am weißen
Königsflügel, Lavieren, Technik, Springergewinn} Qc5 $17 {[%csl Re4][%cal
Yb5c3,Yc3e2,Ye2g3,Yg2g4,Yd3f3] Es ist überraschend, daß Weiß in dieser
Stellung Probleme hat. Der Anziehende würde gerne die Defensivaufstellung Qf3,
Ng3, Pg4 erreichen, aber Schwarz hindert ihn daran.} 34. Nc3 Nf6 35. Qf3 Kg7
36. g4 (36. Ne2 Qc4 37. Ng3 h5 {[%cal Yh5h4,Rh4g3] /\ ...h4}) (36. Kh2 {
Hecht oder 36.Sd1 mit dem Plan g3,Sf2 und Kg2 =}) 36... Qa3 $1 37. Kg2 Qb2+ 38.
Kg1 (38. Ne2 Qc2 {[%csl Re4]}) 38... Qc1+ 39. Kg2 Qd2+ 40. Kf1 h6 41. Ne2 (41.
Kg1 Nh7 {[%cal Yh7g5,Rg5f3,Rg5h3] /\ ...Ng5}) 41... Qd1+ 42. Kf2 Qc2 43. Ke3
Qb1 44. Ng3 Qe1+ 45. Kd3 Qg1 {[%csl Re4,Rh3][%cal Rf6d7,Rd7c5,Rf6h7,Rh7g5]
Weiß hat Dame und Springer koordiniert, aber nun steht der König schlecht. [#]}
46. h4 (46. Qe3 $5 {Hecht}) (46. Ne2 $5 {Hecht}) (46. Nf1 $2 {Hecht} Qd4+) (46.
Ke2 {Hecht} Qh2+) 46... Qb1+ 47. Ke2 Qc2+ 48. Kf1 (48. Ke1 $142 $10 {Gelfand})
48... Qc8 49. h5 (49. g5 hxg5 (49... Qh3+ {Hecht} 50. Ke2 hxg5 51. hxg5 Nh7 $19
) 50. hxg5 Nh7) 49... Nxg4 50. Qe2 Qc1+ 51. Kg2 Qf4 52. hxg6 Kxg6 53. Qf3 Kg5
54. Nf5 Qd2+ 55. Kg1 h5 56. Ng7 (56. Nxd6 {Hecht} Qc1+ 57. Kg2 Qc2+ 58. Kg1
Qc5+ $19) 56... Qc1+ 57. Kg2 Qb2+ 58. Kg1 Qa1+ 59. Kg2 Qa2+ (59... Qa2+ 60. Kg1
Qa7+ {[%cal Ra7g7,Ra7g1]}) 0-1

[Event "Amsterdam Euwe Memorial"]
[Site "Amsterdam"]
[Date "1996.04.01"]
[Round "9"]
[White "Topalov, Veselin"]
[Black "Piket, Jeroen"]
[Result "1-0"]
[WhiteElo "2700"]
[BlackElo "2570"]
[Annotator "Wedberg,T"]
[PlyCount "115"]
[EventDate "1996.03.22"]
[EventType "tourn"]
[EventRounds "9"]
[EventCountry "NED"]
[EventCategory "18"]
[SourceTitle "CBM 052"]
[Source "ChessBase"]
[SourceDate "1996.06.01"]
[SourceVersion "1"]
[SourceVersionDate "1996.06.01"]
[SourceQuality "1"]

1. e4 {Piket} e5 2. Nf3 Nc6 3. Bb5 a6 4. Ba4 Nf6 5. O-O Be7 6. Re1 b5 7. Bb3 d6
8. c3 O-O 9. h3 Bb7 10. d4 Re8 11. Nbd2 Bf8 12. d5 Ne7 13. c4 (13. Nf1) 13...
c6 (13... Nd7 14. Bc2 c6 15. b3 Rc8 16. Nf1 Qc7 17. Ne3 g6 18. Bd2 Bg7 19. Rc1
$14 {Anand,V-Deshmukh,A/Calcutta/1992}) 14. Bc2 bxc4 15. dxc6 Nxc6 16. Nxc4 Nd4
$5 {N} (16... h6 17. Bd2 Rc8 18. Rc1 Nd4 19. Ba4 $14 {Ermenkov-Lukacs/Albena/
1985}) 17. Nxd4 exd4 18. Bg5 (18. Qxd4 $2 d5 $15) 18... d5 19. Bxf6 Qxf6 20. e5
Qh6 21. Nd2 (21. Na5 $5 Bb4 22. Nxb7 Bxe1 23. Qxe1 Qc6 24. Bxh7+ Kxh7 25. Nd6
Re7 26. Qd2 $44) 21... Bb4 22. Re2 Bxd2 23. Qxd2 Qxd2 24. Rxd2 Rxe5 25. b4 $1
a5 $6 (25... Rc8 $142) 26. b5 {[%cal Yb5b8]} Rc8 27. Bd3 Kf8 28. Bf1 Ke7 (28...
Rc3 $1 29. Rxd4 Re4 $10 {Piket}) 29. Rxd4 Re4 30. Rd3 Kd6 31. Ra3 a4 32. Rb1 g6
33. f3 Rd4 34. Bd3 Kc5 35. Bf1 Kb6 36. Rb2 f5 37. Re3 Rd1 38. Kf2 Rdc1 39. Re6+
Ka5 40. Bd3 a3 41. Rb3 $18 R8c3 42. Rxc3 Rxc3 43. Ke3 Rb3 44. Kd4 Rb2 45. Re2
f4 46. Kc5 Rxe2 47. Bxe2 g5 48. b6 h5 49. Bb5 d4 50. Bd3 h4 51. Bf1 Ba8 52. Bc4
Bb7 53. Bd3 Bc8 54. Be4 Ka6 55. Kc6 Ka5 56. Bd3 Kb4 57. Kc7 Kc5 58. Bf1 1-0

[Event "Madrid"]
[Site "Madrid"]
[Date "1996.05.11"]
[Round "4"]
[White "Illescas Cordoba, Miguel"]
[Black "Topalov, Veselin"]
[Result "0-1"]
[WhiteElo "2635"]
[BlackElo "2700"]
[Annotator "Bologan,V"]
[PlyCount "80"]
[EventDate "1996.05.08"]
[EventType "tourn"]
[EventRounds "9"]
[EventCountry "ESP"]
[EventCategory "17"]
[SourceTitle "CBM 053"]
[Source "ChessBase"]
[SourceDate "1996.08.01"]
[SourceVersion "1"]
[SourceVersionDate "1996.08.01"]
[SourceQuality "1"]

1. c4 Nf6 2. Nc3 g6 3. g3 Bg7 4. Bg2 O-O 5. d4 c6 6. Nf3 d5 7. cxd5 cxd5 8. Ne5
e6 9. O-O Nfd7 10. f4 Nc6 11. Be3 Nb6 12. Bf2 Bd7 13. e4 Ne7 14. Nxd7 Qxd7 15.
e5 Rfc8 16. Re1 Nc4 17. Qe2 {Novelty. It is not just new move it is a new plan.
White is trying to avoid the exchange on "c" file defending the knight on "c3"
in a little bit unusual way Rd1-d3.} Rc7 (17... b5 $5 18. Rad1 (18. b3 Nxe5 19.
Nxd5 Nf3+ $1 20. Bxf3 Nxd5 $13) 18... b4 19. Nb1 $14) 18. Rad1 Rac8 19. Rd3 Nb6
$6 {Too slaw.} (19... b5 $5 20. g4 b4 21. Nd1 Na5 {Trying to create some
counterplay on the queenside.}) 20. g4 Na4 21. Qd2 $1 {It is very important to
keep the "c" file closed as long as White can.} Bf8 22. Rf3 b5 23. a3 a6 24.
Rf1 Rc6 (24... Nb6 25. Bh4 Nc4 26. Qf2 $16) 25. f5 $1 {Miguel is on top now
the temporary sacrifice of the pawn gives White the decisive attack.} exf5 (
25... gxf5 26. Bh4 Ng6 27. gxf5 Nxh4 28. Qg5+ Ng6 29. fxg6 fxg6 30. Nxd5 $1
exd5 31. Bh3 Qg7 32. Bxc8 Rxc8 33. Rf7 Qh8 (33... Qxf7 34. Rxf7 Kxf7 35. Qf6+
Ke8 36. Qxa6 $18) 34. Qg4 Re8 35. Qe6 Rxe6 36. Rxf8+ Kg7 37. R1f7+ Kh6 38. Rxh8
$18) 26. Bh4 Nb6 27. Bxe7 Qxe7 28. gxf5 Rd8 29. Qf2 Bh6 30. fxg6 fxg6 31. Rf7
Qg5 32. Kh1 Qe3 33. Nxd5 $4 {As we knew later this move costed Illescas the
clean victory in the 17 kategory tournament.} (33. Qh4 Qg5 34. Qh3 $16) 33...
Qxf2 {I think in this moment the spanish grandmaster realized that he has no
the intermediar check on 'e7' and the position turned from winning to lost.}
34. R7xf2 (34. Ne7+ Kxf7 $1) 34... Nxd5 35. Rf7 Rc1 36. Rxc1 Kxf7 37. Rc6 Nf4
38. Rc7+ Kg8 39. d5 Nxd5 40. Ra7 Nf4 0-1

[Event "Madrid"]
[Site "Madrid"]
[Date "1996.05.14"]
[Round "6"]
[White "San Segundo Carrillo, Pablo"]
[Black "Topalov, Veselin"]
[Result "0-1"]
[WhiteElo "2535"]
[BlackElo "2700"]
[Annotator "Hazai,L"]
[PlyCount "96"]
[EventDate "1996.05.08"]
[EventType "tourn"]
[EventRounds "9"]
[EventCountry "ESP"]
[EventCategory "17"]
[SourceTitle "CBM 053"]
[Source "ChessBase"]
[SourceDate "1996.08.01"]
[SourceVersion "1"]
[SourceVersionDate "1996.08.01"]
[SourceQuality "1"]

1. d4 Nf6 2. Nf3 g6 3. c4 Bg7 4. Nc3 O-O 5. e4 d6 6. Be2 e5 7. Be3 c6 8. d5 Na6
9. Nd2 Ne8 10. O-O (10. a3 f5 11. f3 Bh6 $132) (10. h4 $5 f5 11. f3) 10... f5
11. f3 (11. exf5 gxf5 (11... Bxf5 $6 12. Nde4 $14) 12. f4 $6 (12. f3) 12...
exf4 13. Bxf4 Qb6+) 11... f4 12. Bf2 c5 13. a3 b6 (13... g5 14. g4 $5) 14. b4
h5 (14... cxb4 15. axb4 Nxb4 16. Qb3 Na6 (16... a5 17. Na2) 17. Nb5 $44) 15.
bxc5 Nxc5 16. a4 $2 (16. Nb3 Nxb3 17. Qxb3 g5 18. Qd1) 16... a5 $1 17. Ra3 Bf6
18. Nb3 Rf7 19. Kh1 {[#]} Nc7 $1 {/\ Nc7-a6-b4} 20. Nxc5 bxc5 21. Rg1 Na6 $17
22. g3 Rg7 23. Kg2 Raa7 24. Kf1 Nb4 25. Ke1 Raf7 26. Nb5 fxg3 27. hxg3 h4 28.
Kd2 hxg3 29. Rxg3 Bh4 30. Rg2 Bxf2 31. Rxf2 Qg5+ 32. Re3 Rf6 33. Rh2 Rh7 34.
Rxh7 Kxh7 35. Bf1 Qf4 36. Nc3 Bd7 37. Bg2 Kg7 38. Qg1 Qg5 39. Qf2 Rf4 40. Bf1
Rh4 41. Be2 Qf4 42. Qg1 Qh6 43. Bd1 Rh3 44. Qe1 Rh2+ $19 45. Ne2 Rh1 46. Qf2
Be8 47. Bb3 Rb1 48. f4 Qh1 0-1

[Event "Madrid"]
[Site "Madrid"]
[Date "1996.05.17"]
[Round "8"]
[White "Adams, Michael"]
[Black "Topalov, Veselin"]
[Result "0-1"]
[WhiteElo "2660"]
[BlackElo "2700"]
[Annotator "Stohl,I"]
[PlyCount "86"]
[EventDate "1996.05.08"]
[EventType "tourn"]
[EventRounds "9"]
[EventCountry "ESP"]
[EventCategory "17"]
[SourceTitle "CBM 053"]
[Source "ChessBase"]
[SourceDate "1996.08.01"]
[SourceVersion "1"]
[SourceVersionDate "1996.08.01"]
[SourceQuality "1"]

1. d4 {Topalov} Nf6 2. Bg5 e6 3. e4 h6 4. Bxf6 Qxf6 5. Nc3 {[%csl Gd4,Ge4] A
sharp and unbalanced position. White has a lead in development and more space,
especially due to his proud pawn center. But Black's position is extremely
solid and his B-pair is a latent power.} d6 6. Qd2 g5 (6... g6 7. O-O-O Bg7 8.
f4 Qe7 (8... g5 9. g3 Nc6 10. e5 Qd8 11. d5 exd5 12. exd6 Qxd6 13. Re1+ Kf8 14.
Qxd5 Qb4 15. Bc4 Be6 16. Rxe6 fxe6 17. Qxe6 Qe7 18. Qf5+ Qf6 19. Qc5+ Ne7 20.
Nge2 b6 21. Qa3 Rd8 22. Rf1 g4 23. f5 Qc6 24. Qb3 $44 {Fernandez,SL-Ramesh,R/
Ubeda op/1996/}) 9. Nf3 a6 10. e5 d5 11. h4 h5 12. Ng5 Nc6 13. Be2 Bd7 14. g4
hxg4 15. Bxg4 O-O-O 16. h5 gxh5 17. Bxh5 f6 18. exf6 Qxf6 19. Ne2 Rdf8 20. Kb1
Ne7 21. Bg4 Bh6 22. Qe3 Nf5 23. Qe5 Qxe5 24. dxe5 Ne3 $15 {Lukasiewicz,G-Guex,
P/Geneva op/1996/}) (6... a6 $5 7. O-O-O Nd7 8. f4 g6 9. Nf3 Qe7 10. e5 d5 11.
h4 h5 12. Ng5 Nb6 13. g4 hxg4 14. Qg2 Bd7 15. Qxg4 O-O-O 16. h5 f5 17. Qg3 gxh5
18. Be2 Be8 19. Rh4 Bh6 20. Rg1 c5 21. Bxh5 Bxg5 22. Qxg5 Qxg5 23. Rxg5 cxd4
$36 {[%csl Rh5] ץh5,Dunnington,A-Lerner,K/Cappelle la Grande op/1996/}) (6...
c6 7. O-O-O (7. f4 $142 $13) 7... e5 8. Nf3 Be7 9. Kb1 Nd7 10. Ne2 Nf8 11. Qa5
Ng6 12. Ng3 Bd8 13. Qc3 O-O 14. d5 cxd5 15. Rxd5 Bb6 16. Qe1 Bg4 17. Rd2 Nf4
18. Ng1 Rac8 19. f3 Be6 20. N1e2 Rc6 $15 {Summerscale,A-Knezevic,B/Cannes op/
1996/}) 7. O-O-O Bg7 8. g3 (8. e5 dxe5 9. dxe5 Qe7 10. f4 Nc6 11. Nf3 Bd7 12.
h4 gxf4 13. Qxf4 O-O-O 14. Ne4 Nb8 $1 15. Be2 Bc6 16. Nf6 Nd7 17. Nh5 Bxf3 18.
Bxf3 Bxe5 19. Qe4 c6 20. Rxd7 Bxb2+ 21. Kxb2 Rxd7 22. Qe3 Rhd8 23. a3 Rd4 24.
g3 Qc5 $17 {Adams,M-Karpov,A/Las Palmas/1994/}) 8... Nc6 9. Nb5 (9. Bb5 $5 Bd7
10. Nge2 a6 11. Bxc6 Bxc6 12. Qe3 (12. f4 O-O-O 13. Rhf1 Qg6 14. g4 Bxe4 15.
Ng3 d5 16. Ncxe4 dxe4 17. f5 exf5 18. Nxf5 Rhe8 19. Qg2 Bf8 20. Rfe1 Qe6 21.
Kb1 h5 22. h3 hxg4 23. hxg4 Qd5 24. Re3 Re6 25. Rde1 $44 {Hodgson,J-Gabriel,C/
Horgen-B/1995/}) 12... O-O-O 13. f4 Kb8 14. Rhf1 Qg6 15. Qd3 f5 16. exf5 Qxf5
17. Qc4 g4 18. d5 exd5 19. Nxd5 Qf7 20. Qb3 Rhe8 21. Nec3 $13 {Milov,
V-Chuchelov,V/Brussels op/1995/}) 9... Qd8 10. Ne2 (10. d5 $5 {is the crucial
try.} Ne7 (10... Ne5 $6 11. Qc3 $16) (10... exd5 $5 11. exd5 Ne7 12. Bg2 Nf5
13. Re1+ Kf8 14. Ne2 Qf6 15. c3 Bd7 16. Nbd4 Re8 17. Nxf5 Bxf5 18. Nd4 Bd7 19.
Re3 Rxe3 20. Qxe3 h5 21. Qf3 h4 22. Qxf6 Bxf6 23. Nc2 Be5 24. Kd2 f5 $36 {
[%csl Gd7,Ge5] _|_^^,Garcia,Rau-David,Al/Linares zt/1995/}) 11. f4 (11. Qa5 b6
12. Qa4 O-O $15 {[%cal Gh8a1] /^h8-a1,/\} 13. Qc4 a6 14. Nxc7 b5 $19) 11... a6
$13) (10. c3 $5 {Topalov} a6 11. Na3) 10... a6 11. Nbc3 b5 $5 {Black increases
the tension by diversions on both flanks (g5,b5). However, in the center his
position remains solid.} 12. Bg2 (12. d5 Ne5 {[%cal Re5c4] /\Nc4} 13. Nd4 g4 $5
$15) (12. f4 {Topalov} b4 13. Na4 Bd7) 12... Bb7 13. f4 {[%cal Rd4d5,Re4e5] /
\e5,d5} Ne7 $5 {This flexible retreat takes the sting out of White's threats.}
(13... Na5 {Topalov} 14. Rhg1 Nc4 15. Qd3) 14. h4 (14. fxg5 $6 hxg5 15. Qxg5 $4
Bh6) (14. Kb1 $142 $5 $13) (14. d5 Qd7 $1 $132 {[%cal Ye8c8,Yb5b4,Yd7b5] /
\0-0-0,b4,Qb5}) (14. Rhg1 $142) 14... g4 15. h5 $6 {This costs White too much
time and allows Black to build up an active position.} b4 16. Nb1 a5 17. Qe3
O-O $36 {Black's K is relatively safe behind his pawns on the K-side, White's
monarch on c1 can have more trouble from the advancing black pawns.} 18. Nd2 f5
$1 {/\ Ne7-f5} 19. Rhg1 fxe4 20. Bxe4 (20. Nxe4 Nf5 21. Qb3 (21. Qf2 Bxe4 $1
22. Bxe4 d5 $15) 21... Bd5 $17) 20... Nf5 21. Qb3 (21. Qd3 $2 Ba6 22. Nc4 d5
$19) (21. Qf2 $142 $5 Bxe4 (21... d5 $2 22. Bxf5 exf5 23. Nb3 $13) 22. Nxe4 Qe8
$5 $36 {[%cal Ye8b5,Re8h5,Ya5a4,Yb4b3] /\Qh5,Qb5,a4,b3->}) 21... d5 $1 22. Bxf5
exf5 {Now the central pawn structure is symmetrical, but due to the clumsy
positions of White's pieces the e-file will soon fall into Black's hands. Also
Black's B begin to play a major role on the open diagonals (a6-f1,a1-h8).} 23.
Rge1 Re8 $1 $17 {[%csl Gb7,Gg7,Rb3,Rd2,Re2][%cal Ge8e2] ^^,<->e,ףb3,Nd2,Ne2
White's Q and N are misplaced} 24. Nf1 (24. c4 $142 $5 Kh8 $17) 24... Ba6 (
24... Qf6 $142) 25. Ng1 Bc4 26. Qa4 Bxf1 (26... Rxe1 27. Rxe1 Bxd4 28. Nd2 Qf6
$1 29. Nxc4 dxc4 30. Re8+ Rxe8 31. Qxe8+ Qf8 32. Qe6+ Qf7 $19) 27. Rxf1 Re6 $1
(27... Re3 28. Qc6 $132) 28. Qb3 (28. Rfe1 $1 {/\ 29.Re5!} Rxe1 29. Rxe1 Bxd4
30. Qc6 $1 $13) 28... c6 29. Rfe1 (29. Qd3 Qf6 30. Ne2 Rae8 31. Rf2 Re3 $19)
29... Rxe1 30. Rxe1 Bxd4 31. Ne2 Qe7 $1 $19 32. Kd1 Bf2 33. Rf1 Bc5 34. Qd3 Re8
35. Re1 (35. Nc1 $142) 35... Qe6 $22 (35... Qe4 $19) 36. c3 (36. Rf1 Qe3 $19)
36... bxc3 37. bxc3 d4 $1 38. cxd4 Bb4 39. d5 (39. Rf1 Qxa2 $40) 39... Qxd5 40.
Qxd5+ cxd5 {A strong B against passive N, extra pawn-the endgame is hopeless
for White.} 41. Rg1 Re3 42. Nc1 (42. Rg2 d4 $1 43. Nxd4 Rd3+ $19) 42... d4 43.
Nb3 a4 $1 (43... a4 44. Nc1 (44. Nxd4 Rd3+) 44... d3 {[%cal Rg8d5,Rd5f3,Rd3d2]
/\Kf7-e6-d5-e4-f3,d2-+}) 0-1